Cívica 1 : (Registro nro. 9918)

Detalles MARC
000 -LIDER
fixed length control field 01500nam a2200373 a 4500
001 - NÚMERO DE CONTROL
Identificador de número de control 0000331
003 - IDENTIFICACDOR DE NÚMERO DE CONTROL
control field DO-SdBNP
005 - DATE AND TIME OF LATEST TRANSACTION
control field 20180306121809.0
007 - CAMPOS FIJOS DE DESCRIPCIÓN FÍSICA
fixed length control field 0000331
008 - ELEMENTOS DE LONGITUD FIJA
fixed length control field 091125s2000 dr a 000 0 spa d
020 ## - ISBN
International Standard Book Number 8482612530
040 ## - FUENTE DE CATALOGACIÓN
Agencia que crea de manera original el registro BPMSU
Idioma de catalogación spa
Agencia que realiza la transcripción BPMSU
092 ## - LOCALLY ASSIGNED DEWEY DECIMAL CALL NUMBER
Número de clasificación 372.832
Número de ítem (Cutter) D725c 1ro. 2000
100 1# - ASIENTO PRINCIPAL -- NOMBRE PERSONAL
Nombre personal Dotel, Petronila
245 10 - MENCIÓN DE TITULO
Título Cívica 1 :
Subtítulo educación básica /
Mención de responsabilidad Petronila Dotel ; dirección editorial Obdulia García de Escobar ; ilustración Ruddy Núñez.
260 ## - PUBLICACIÓN, DISTRIBUCIÓN, ETC. (PIE DE IMPRENTA)
Lugar de publicación, distribución, etc Santo Domingo :
Nombre del editor, distribuidor, etc. Santillana,
Fecha de publicación, distribución, etc 2000.
300 ## - DESCRIPCIÓN FÍSICA
Extensión 55 p. :
Otros detalles físicos il. ;
Dimensiones 28 cm.
490 1# - MENCIÓN DE SERIES
Mención de serie Umbral
500 ## - NOTA GENERAL
Nota general Este libro ha sido realizado de conformidad con el currículum vigente y ha sido sometido a la aprobación de la SEEC.
505 0# - NOTA DE CONTENIDO
Título Convivencia familar --
-- Mi conducta en la escuela --
-- Mi comunidad y sus leyes --
-- Necesidades y derechos --
-- El trabajo y la producción --
-- La nación --
650 #4 - ENCABEZAMIENTO DE MATERIA--TEMÁTICO
Término temático o nombre geográfico como elemento de entrada EDUCACIÓN CÍVICA
Subdivisión temática general ENSEÑANZA BÁSICA
650 #4 - ENCABEZAMIENTO DE MATERIA--TEMÁTICO
Término temático o nombre geográfico como elemento de entrada EDUCACIÓN CÍVICA
Subdivisión temática general EDUCACIÓN PRIMARIA
650 ## - ENCABEZAMIENTO DE MATERIA--TEMÁTICO
Término temático o nombre geográfico como elemento de entrada EDUCACIÓN PRIMARIA
Subdivisión geográfica REPÚBLICA DOMINICANA
650 ## - ENCABEZAMIENTO DE MATERIA--TEMÁTICO
Término temático o nombre geográfico como elemento de entrada EDUCACIÓN CÍVICA
Subdivisión temática general LIBROS DE TEXTOS
650 #4 - ENCABEZAMIENTO DE MATERIA--TEMÁTICO
Término temático o nombre geográfico como elemento de entrada EDUCACIÓN CÍVICA
Subdivisión temática general ESTUDIOS Y EJERCICIOS
650 #4 - ENCABEZAMIENTO DE MATERIA--TEMÁTICO
Término temático o nombre geográfico como elemento de entrada EDUCACIÓN CÍVICA
Subdivisión temática general ENSEÑANZA CORRECTIVA
700 12 - ASIENTO SECUNDARIO -- NOMBRE PERSONAL
Nombre personal García Escobar, Obdulia de,
Mención de responsabilidad ed.
700 12 - ASIENTO SECUNDARIO -- NOMBRE PERSONAL
Nombre personal Núñez, Ruddy
Mención de responsabilidad il.
830 #0 - ASIENTO SECUNDARIO DE SERIE--TÍTULO UNIFORME
Título uniforme Umbral
910 ## - VALIDACIÓN
Validación Validado. Control de calidad MFF
942 ## - ADDED ENTRY ELEMENTS (KOHA)
Source of classification or shelving scheme Dewey Decimal Classification
Koha item type Libros
945 ## - INFORMACIÓN DE PROCESAMIENTO LOCAL
Información de procesamiento local inventariado, 2018 / dg
956 ## - LOCAL ELECTRONIC LOCATION AND ACCESS (OCLC)
Nombre de host YLOCKWARD
Número de acceso 10
Existencias
Withdrawn status Lost status Source of classification or shelving scheme Damaged status Not for loan Home library Current library Date acquired Source of acquisition Total Checkouts Full call number Barcode Date last seen Price effective from Koha item type Copy number
    Dewey Decimal Classification     Biblioteca Pública Metropolitana Salomé Ureña Biblioteca Pública Metropolitana Salomé Ureña 04/25/2016 Donación   372.832 D725c 1ro. 2000 BPMSU16040684 04/25/2016 04/25/2016 Libros  
    Dewey Decimal Classification     Biblioteca Pública Metropolitana Salomé Ureña Biblioteca Pública Metropolitana Salomé Ureña 04/25/2016 Donación   372.832 D725c 1ro. 2000 BPMSU16040685 04/25/2016 04/25/2016 Libros ej. 2